000 00485nam a22001817a 4500
999 _c3436
_d3393
008 190530b ||||| |||| 00| j eng d
020 _a9789750814754
041 _atur
050 _aPL248.E747
100 _91549
_aEren, B. Nihan
245 _aYavaş
250 _a1.Baskı
260 _aİstanbul:
_bYapı Kredi Yayınları,
_cEylül 2008
300 _a171 Sayfa
500 _aYapı Kredi Yayınları - 2761 Edebiyat - 838
650 0 _9145
_aTürk Edebiyatı
942 _2lcc
_cBK